00992 am a2200253 a 450000500170000000800410001702000180005804100080007610000430008424500680012725000110019526000600020630000110026650001360027765300190041365300440043265300300047665300470050665300410055370000400059470000350063470000350066970000340070420240527114444.0100514s2009||||ag a f |||| 001 0 spa d a9789500604468 aspa1 aCeriani Cernadas, José MaríaeDir. aNeonatología práctica / cJosé María Ceriani Cernadas. a4a ed. aBuenos Aires: bEditorial Médica Panamericana;c2009. a916 p. aCeriani Cernadas, J. M. (Dir.). et al. (2009). Neonatología práctica. (4a ed.). Buenos Aires : Editorial Médica Panamericana. aMedicina fetal aAspectos generales del cuidado neonatal aRecién nacido prematuro aAspectos nutricionales del recién nacido aEnfermedades y trastornos neonatales1 aFustiñana, Carlos A, eDir. asoc.1 aMariani, Gonzalo, eDir. Asoc.1 aJenik, Alejandro, eDir. Asoc.1 aLupo, Ernesto A, eDir. Asoc.